Contenidos de prevención del consumo de drogas en el marco curricular: según planes y programas del Ministerio de Educación. Subsector Idioma Extranjero - Inglés, Enseñanza Básica

I tiakina i:
Ngā taipitopito rārangi puna kōrero
Hōputu: Pukapuka
Reo:Pāniora
I whakaputaina: Santiago Mineduc 2001
Santiago Conace 2001
Rangatū:Apoyo a la Transversalidad
Ngā marau:
Ngā Tūtohu: Tāpirihia he Tūtohu
Kāore He Tūtohu, Me noho koe te mea tuatahi ki te tūtohu i tēnei pūkete!

MARC

LEADER 00000nam a2200000 a 4500
001 UCL2353
003 CL-VaPUC
008 031017e20010000cl |||||||||||||||||spa|d
082 0 4 |a 362.29  |b CON  |2 21 
245 1 0 |a Contenidos de prevención del consumo de drogas en el marco curricular: según planes y programas del Ministerio de Educación. Subsector Idioma Extranjero - Inglés, Enseñanza Básica 
300 |a 50 p 
942 |c BK 
945 |d 20031017 00:00:00  |a cmena 
260 |a Santiago  |b Mineduc  |c 2001 
260 |a Santiago  |b Conace  |c 2001 
650 0 |a Drogas  |9 254877 
650 0 |a Drogadicción  |9 331967 
650 7 |a PREVENCION DE DROGAS  |2 CL-VaPUC  |9 419242 
650 0 |a Métodos de enseñanza  |9 270413 
650 0 |a Educación básica   |9 224933 
583 |a last modification  |c 20171123 11:52:49  |k Rodrigo Vera 
490 0 |a Apoyo a la Transversalidad 
999 |c 305692  |d 305690 
952 |0 0  |1 0  |4 0  |6 362_290000000000000_CON_2001_2001  |7 0  |8 A  |9 369956  |a BIBEDU  |b BIBEDU  |c ES_NOD  |d 2019-11-21  |i 3949559  |o 362.29 CON 2001 2001  |p 3949559  |r 2023-08-09  |w 2019-11-21  |y BK  |k EBA